000 02350nam a2200493 c 4500
001 152251
003 BLK
005 20240320112643.0
008 180410b bul|||||r ||||||| ||bul||
010 _aKNG00158698000
040 _aBLK
041 _aBUL
_cBUL
072 7 _2bullib
_aК
_xКраезнание
080 _aПолитически партии и движения
_b329
_x(497.2)(092)
_z329(497.2)(092)
080 _aПолитически и национални младежки движения
_b329.78
_x(497.2)(092)
_z329.78(497.2)(092)
080 _aИстория на Втората световна война (1939-1945)
_b940.53
_x(092)
_z940.53(092)
080 _aБиографии
_b929
_z929
100 1 _aВълов, Въло Ив.
_eпърви автор
_9331718
139 _aЗа разгрома на фашизма
_bЗ 26
245 1 0 _aЗа разгрома на фашизма
_b[Албум с биогр. данни и снимки на] българи, загинали в борбата на европ. народи за разгрома на фашизма през Втората световна война
_cВъло Ив. Вълов.
257 _aBGR
260 _bСептември
_c1980
300 _a176 с.
_bс портр., ил., факс.
_c29 см
380 _a3
500 _aДруги авт. : М. Челебийска, Н. Янева-Петрова, Н. Белоусов, П. Атанасова, П. Дачева-Николова. - Изд. на Нац. музей на револ. движение. - 5 050 тир. - Именен показалец
650 4 _aБорци против фашизма - България
_9247269
650 4 _aВтора световна война - участие на България
_9252373
651 4 _aБългария
_9241624
653 _aантифашисти
653 _aВтора световна война
653 _aистория
659 _aК
852 _aЦб ІІ 5885
852 _aК 329(092)/З-26
856 4 _qpdf
856 4 _qpdf
942 _cKNG
_n0
_s1
944 _aCR
_c26.03.2014
_lСевдалина Тодорова
_k30540
944 _aED
_c26.03.2014
_l26.03.2014 - от С1,Р / 26.03.2014
999 _c152251
_d152251
999 _d152251
999 _d152251
999 _d152251
999 _d152251